| 000 | 00399nam a2200145 a 4500 | ||
|---|---|---|---|
| 001 | 3734 | ||
| 003 | CDMR | ||
| 005 | 20130116135248.0 | ||
| 008 | 130130s1935||||||||||||||||||||||||||||d | ||
| 040 |
_aCDMR _bcat _cCPC LLEIDA |
||
| 110 | 2 |
_aAssociació de la Premsa de Barcelona _939 |
|
| 245 | 1 | 0 |
_aVida de periodistas ilustres _cAsociación Prensa Barcelona |
| 260 |
_aBarcelona _c1935 _bAPBcn |
||
| 942 | _cMON | ||
| 999 |
_c3734 _d3734 |
||